[Event "Munich"]
[Site "Munich"]
[Date "1990.??.??"]
[Round "?"]
[White "Gulko, Boris F"]
[Black "Jussupow, Artur"]
[Result "1/2-1/2"]
[WhiteElo "2610"]
[BlackElo "2615"]
[Annotator "Ftacnik,Lubomir"]
[PlyCount "43"]
[EventDate "1990.04.??"]
[EventType "tourn"]
[EventRounds "11"]
[EventCountry "GER"]
[EventCategory "13"]
[SourceTitle "CBM 018"]
[Source "ChessBase"]
[SourceDate "1990.10.01"]
[SourceVersion "1"]
[SourceVersionDate "1990.10.01"]
[SourceQuality "1"]

1. d4 d5 2. c4 e6 3. Nc3 Be7 4. Nf3 Nf6 5. cxd5 exd5 6. Bg5 c6 7. Qc2 g6 8. e4 dxe4 9. Bxf6 Bxf6 10. Qxe4+ Qe7 11. Bc4 O-O 12. O-O Bf5 (12... Qb4 13. Qf4 $10) ({RR} 12... Qxe4 13. Nxe4 Be7 14. Rfe1 Nd7 15. Bb3 Kg7 16. h3 h6 17. Rad1 Nb6 18. Nc3 Bb4 19. a3 Bxc3 20. bxc3 Bd7 21. c4 Rad8 22. c5 Nc8 23. Ne5 Ne7 24. g4 Bc8 25. Rd3 Nd5 26. Rf3 {½-½ (26) Nikolic,P (2605)-Georgiev,K (2590) Wijk aan Zee 1989}) 13. Qf4 (13. Qxe7 Bxe7 14. Rfe1 Bf6 $10) ({RR} 13. Qxe7 Bxe7 14. Rfe1 Bf6 15. h3 h5 16. Ne5 Nd7 17. Ne4 Bxe5 18. dxe5 Bxe4 19. Rxe4 Nc5 20. Rd4 Rad8 21. Rad1 Rxd4 22. Rxd4 a5 23. f4 Kg7 24. Kf2 Re8 25. Kf3 Re7 26. g4 hxg4+ 27. hxg4 g5 {Dmitrenko,V (2395)-Seo,J (2474) chess.com INT 2025 ½-½ (31)}) 13... Qb4 $146 ({RR} 13... Na6 14. g4 Be6 15. Rfe1 Nc7 16. g5 Bg7 17. Ne4 Qd8 18. b3 Bxc4 19. bxc4 f5 20. Nc5 b6 21. Ne6 Nxe6 22. Rxe6 Qd7 23. Rd6 Qc7 24. Re1 Rae8 25. c5 Rxe1+ 26. Nxe1 Re8 27. Nf3 Re4 28. Qd2 {Cedikova,K (2184)-Slajs,V (2083) Klatovy 2003 0-1 (64)}) ({RR} 13... Nd7 14. Rad1 Qb4 15. Bb3 Rae8 16. Rfe1 Rxe1+ 17. Rxe1 a5 18. g4 Bd3 19. Qc7 Nb6 20. Re8 Nc4 21. Rxf8+ Qxf8 22. Bxc4 Bxc4 23. Qxb7 Qe8 24. Qc7 Qe6 25. Qf4 h6 26. b3 Bd3 27. h3 g5 28. Qe3 {Zurano Lopez,P (2236)-Panelo Munoz,M (2335) Spain 2004 ½-½ (58)}) 14. Ne5 $5 (14. Bb3 $10) 14... Bxe5 (14... Qxb2 15. Ne4 (15. Rac1 $5 { e4 }) 15... Bxe5 (15... Bxe4 16. Qxf6 Bd5 17. Ng4 Qd2 18. Rad1 $18) (15... Bg7 16. Nxf7 Rxf7 17. Nd6 $18) 16. dxe5 Nd7 (16... Bxe4 17. Qxe4 { e6,  ab1}) 17. Nf6+ Nxf6 18. exf6 Qxf6 19. g4 Qh4 $19) 15. dxe5 Be6 (15... Qxb2 16. Rac1) 16. Ne4 $8 Qxc4 17. Rac1 Qb5 (17... Qe2 18. Rfe1) 18. a4 Qa5 19. Nf6+ Kg7 20. Nh5+ gxh5 21. Qg5+ Kh8 22. Qf6+ (22. Qf6+ Kg8 23. Rc3 Nd7 24. Rg3+ Bg4) 1/2-1/2

[Event "EU-chT (Men) 11th"]
[Site "Pula"]
[Date "1997.05.??"]
[Round "6.1"]
[White "Krasenkow, Michal"]
[Black "Jussupow, Artur"]
[Result "1/2-1/2"]
[WhiteElo "2615"]
[BlackElo "2665"]
[Annotator "Krasenkow,Michal"]
[PlyCount "53"]
[EventDate "1997.05.05"]
[EventType "team-swiss"]
[EventRounds "9"]
[EventCountry "CRO"]
[SourceTitle "CBM 057 Extra"]
[Source "ChessBase"]
[SourceDate "1997.05.01"]
[SourceVersion "1"]
[SourceVersionDate "1997.05.01"]
[SourceQuality "1"]
[WhiteTeam "Poland"]
[BlackTeam "Germany"]
[WhiteTeamCountry "POL"]
[BlackTeamCountry "GER"]

1. Nf3 {Ftacnik,Lubomir Tsesarsky} d5 2. d4 Nf6 3. c4 e6 4. Nc3 Nbd7 5. Bg5 c6 6. cxd5 exd5 7. e3 Be7 8. Qc2 O-O 9. Bd3 Re8 10. h3 Nf8 11. Bf4 Be6 (11... Ng6 {Tsesarsky} 12. Bh2 Bd6 $14) ({RR} 11... Ng6 12. Bh2 Bd6) 12. O-O (12. Ng5 $5 {Tsesarsky}) (12. Be5 {Tsesarsky} N6d7 13. Bg3 a6 14. Rd1 Rc8 15. O-O Qb6 16. Qb1 (16. Rd2 $5 $14 {Hort}) 16... g6 17. a3 Qa7 18. Bf4 b5 19. Rfe1 $14 {½-½ Hort,V-Georgadze,T/Porz 1981 (42)}) 12... Rc8 $5 $146 (12... N6d7 $6 {Tsesarsky} 13. Rab1 Nb6 14. b4 Bd6 15. Bxd6 Qxd6 16. a4 a6 17. Nd2 Re7 18. Nb3 $1 Rc7 (18... Qxb4 19. Nc5 Qa5 20. Qb3 Nc8 21. Nxb7 $16) ({RR} 18... Qxb4 19. Nc5 Qa5 20. Qb3 Nc8 21. Nxb7) 19. Nc5 $16 {1-0 Beliavsky,A-Ivanchuk,V/Linares 1993 (38)}) (12... Ng6 {Tsesarsky} 13. Bh2 Bd6 14. Ne5 Rc8 15. f4 Bd7 16. g4 c5 $132 {Kas-Heintze/Hamburg/SW,15,14 1990/1-0 (51)}) (12... Bd6 {Tsesarsky} 13. Ne5 (13. Be5 Bxe5 14. Nxe5 N6d7 15. f4 f6 16. Nf3 Nb6 17. Rae1 Bf7 18. g4 $36 {1-0 Boensch,U-Delander,A/Berliner Sommer 1994 (40)}) 13... Nh5 (13... Qb8 14. b4 N6d7 15. Nxd7 Bxd7 16. Bxd6 Qxd6 $14) (13... Rc8 $5) (13... Qc7 14. Bh2 $6 (14. Rac1 N6d7 15. Nxd7 Qxd7 16. Bxd6 Qxd6 17. Na4 $14) 14... N6d7 15. f4 f6 16. Nf3 Bf7 17. Rae1 a6 18. g4 c5 19. Qg2 cxd4 $1 (19... b5 20. g5 fxg5 21. Qxg5 {×e5}) 20. Nxd4 Nb6 $132 21. g5 $6 (21. Kh1 $5 { e4}) 21... fxg5 22. Qxg5 Qd8 23. Qg2 Bc5 { e3} 24. Kh1 Qf6 $15 {Knaak,R-Kishnev,S/Miskolc 1989/0-1 (60)}) 14. Bh2 f6 15. Nf3 (15. Be2 g6 16. Bxh5 fxe5 17. dxe5 Bxe5 18. Bxe5 Bf5 19. e4 Bxe4 20. Nxe4 Rxe5 $13) 15... g6 16. Rab1 Bxh2+ 17. Nxh2 $5 Ng7 18. b4 b5 $6 {Eingorn,V-Soffer,R/Berlin 1990/1-0 (48)} (18... Rc8 $14)) ({RR} 12... N6d7 13. Rab1 Nb6 14. b4 Bd6 15. Bxd6 Qxd6 16. a4 a6 17. Nd2 Re7 18. Nb3 Rc7 19. Nc5 Nbd7 20. f4 f6 21. f5 Bf7 22. Qf2 a5 23. Nxd7 Rxd7 24. bxa5 Rxa5 25. Rb6 Qa3 26. Rfb1 Ra8 ({RR} 26... Qxc3 27. R6b3) 27. R6b3 {Beliavsky,A (2610)-Ivanchuk,V (2710) Linares 1993 CBM 034 [Ftacnik,Lubomir] 1-0 (39)}) 13. Na4 $6 (13. Ne5 c5 $1) (13. Bh2 N6d7 $5) (13. a3 $142 {Tsesarsky} c5 14. dxc5 Bxc5 15. Rad1 Qe7 16. Nd4 $14 {1-0 Gaprindashvili,N-Sadunashvili,L/GEO-chW 1990 (28)}) ({RR} 13. Ne5 N6d7 14. Rad1 Nxe5 15. Bxe5 Bd6 16. Bxd6 Qxd6 17. a3 b6 18. Qd2 g6 19. b4 b5 20. Qb2 Nd7 21. e4 f6 22. Bb1 Nb6 23. exd5 Nc4 24. Qb3 Bxd5 25. Nxd5 cxd5 26. Bd3 a6 27. Rfe1 Kg7 {Kocharin,T (2338)-Steiners,E (1978) chess.com INT 2026 0-1 (37)}) 13... Bd6 $146 ({RR} 13... N8d7 14. Ng5 h6 15. Nxe6 fxe6 16. Qd2 Nb6 17. Nxb6 Qxb6 18. Rac1 Rcd8 19. Bg6 Bb4 20. Qe2 Rf8 21. Be5 Bd6 22. Bb1 Bxe5 23. dxe5 Nd7 24. f4 Rf7 25. Rf3 Nf8 26. Kh1 d4 27. Rcf1 Rfd7 28. exd4 {Shafi,D (1841)-Copeland,D (1763) Poprad 2016 1-0 (41)}) 14. Ne5 (14. Bxd6 Qxd6 $11) 14... Rc7 (14... Ng6 15. Bh2 (15. Nc5 Nxf4 16. Nxb7 $2 Nxh3+ 17. gxh3 Qe7 $17) 15... c5 16. Nxc5 $1 Nxe5 (16... Rxc5 17. dxc5 Bxe5 18. f4 $16) 17. dxe5 Rxc5 18. Qa4 Ra5 (18... Be7 19. exf6 Bxf6 20. Qxa7 $14) 19. Qh4 Ne4 20. Qxd8 Rxd8 21. exd6 Nxd6 22. Rfc1 $14) (14... Nh5 {Tsesarsky} 15. Bh2 Bxe5 16. Bxe5 Qg5 17. Kh1 $14) 15. Rab1 (15. Bh2 Bc8 16. f4 Ne4 $1 $11) 15... Ng6 (15... Bc8 $5 $11 {16...c5,16...Ng6}) (15... Bc8 {Tsesarsky} 16. b4 Ne6 17. Bh2 Ng5 18. Rfc1 Nge4 19. Nc5 Bf5 20. f3 Nxc5 21. Bxf5 Ne6 22. Bg3 $14) 16. Bh2 (16. Nxg6 {Tsesarsky} hxg6 17. Bxd6 Qxd6 18. b4 $14) 16... Bc8 (16... c5 $5 17. Nxc5 Nxe5 $1 18. dxe5 Rxc5 $11 19. Qa4 $140 Ra5 20. Qh4 Ne4 21. Qxd8 Rxd8 22. exd6 Nd2 23. Rfc1 Nxb1 24. Bxb1 Rc8) 17. Qc3 (17. f4 c5 $1 18. dxc5 Nxe5 19. fxe5 Bxe5 {xNa4}) (17. Nxg6 $142 {Tsesarsky} Bxh2+ 18. Kxh2 hxg6 19. Rfc1 Rce7 20. b4 Qd6+ 21. Kg1 $14) 17... Ne4 (17... c5 18. Nxg6 Bxh2+ 19. Kxh2 cxd4 20. Qxd4 hxg6 $14) (17... Qe7 $5 18. f4 c5 19. dxc5 Bxe5 20. fxe5 Nxe5 $11) 18. Bxe4 dxe4 19. Nc5 (19. Nxg6 {Tsesarsky} Bxh2+ 20. Kxh2 hxg6 (20... fxg6 $5 21. b4 Rf7 22. Kg1 $14 (22. b5 Qd6+ 23. Kg1 cxb5 24. Rxb5 b6 $1 25. Re5 (25. Qb4 Qf6 $17) (25. Nb2 Ba6 26. Nc4 Qc6 $19) 25... Rd8 26. Qc4 (26. Rxe4 Qd5 27. Re5 Qxa2 28. Nb2 $132) 26... b5 27. Rxb5 Ba6 28. Nc5 Bxb5 29. Qxb5 $44)) 21. b4 $132) 19... Nxe5 (19... Bf5 $5 {Tsesarsky} 20. Rbc1 Bxe5 21. dxe5 Qg5 22. e6 Rce7 23. exf7+ Rxf7 24. Bg3 b6 $132) 20. dxe5 Bxc5 (20... Bf8 {Tsesarsky} 21. Rfd1 $16) 21. Qxc5 Be6 (21... b6 {22...Ba6} 22. Qd6 $11 (22. Qc4 Qd3 $1) (22. Qd6 {Tsesarsky} Be6 $11)) 22. Rbd1 (22. Qxa7 Rd7 $44 {xBh2,d}) 22... Rd7 23. Rd6 (23. Rxd7 {Tsesarsky} Qxd7 24. Qxa7 Bc4 25. Ra1 Rd8 26. Bg3 h6 (26... Ba6 27. Bh4 Re8 28. Qd4 $14) 27. Bh4 g5 28. Bg3 Ba6 $14 {(=)}) 23... Qb6 24. Qa3 a5 25. Rfd1 Rxd6 26. exd6 Qb4 27. Qxb4 (27. Qxb4 axb4 28. Rd4 $1 c5 (28... Ra8 29. Rxe4 Rxa2 30. f4 $1 $16) (28... f5 29. Rxb4 b5 30. a4 Ra8 31. b3 bxa4 32. bxa4 c5 33. Rb7 Rxa4 34. Be5 $18) 29. Rxe4 c4 (29... Bd7 30. Rc4 b6 31. Rc2 f5 $14) 30. Kf1 c3 31. Ke1 $1 Rc8 32. bxc3 bxc3 33. Kd1 Ra8 34. Rd4 Kf8 (34... Bd7 35. Rc4 Rxa2 36. Rxc3 $16) 35. Kc2 Rxa2+ 36. Kxc3 Ke8 37. Bg3 $14) 1/2-1/2

[Event "FIDE Grand Swiss"]
[Site "Samarkand"]
[Date "2025.09.15"]
[Round "11"]
[White "Mamedyarov, Shakhriyar"]
[Black "Oparin, Grigoriy"]
[Result "1-0"]
[WhiteElo "2746"]
[BlackElo "2660"]
[PlyCount "93"]
[EventDate "2025.09.04"]
[EventType "swiss"]
[EventRounds "11"]
[EventCountry "UZB"]
[SourceTitle "Mega2025 Update 46"]
[Source "Chessbase"]
[SourceDate "2025.09.19"]
[SourceVersion "1"]
[SourceVersionDate "2025.09.19"]
[SourceQuality "1"]

1. c4 e6 2. Nc3 d5 3. d4 Nf6 4. cxd5 exd5 5. Bg5 Be7 6. e3 c6 7. Bd3 Nbd7 8. Qc2 {8.h3 deserves study. 8.h3 verdient Beachtung.} Nh5 9. h4 h6 10. Bxe7 Qxe7 11. Nf3 Nb6 12. O-O-O Bg4 $146 ({RR} 12... Nf6 13. Ne5 Ng4 14. Nxg4 Bxg4 15. f3 Qxe3+ 16. Kb1 Be6 17. Rhe1 Qf4 18. Bf5 Kd7 19. Re5 Rae8 20. a4 Nc4 21. Ne4 Nxe5 22. Bxe6+ Rxe6 23. Nc5+ Kc8 24. Nxe6 fxe6 25. dxe5 Qxe5 26. Qc5 Kb8 27. a5 {Cosman,A (2140)-Cosma,E (2232) Eforie Nord ROU 2025 ½-½ (43)}) 13. Rdg1 Bxf3 $146 (13... Nf6 14. Ne5 Be6 15. Kb1 Nc4 16. Bxc4 dxc4 17. g4 O-O-O 18. Qa4 a6 19. Nxc4 Bxg4 {0-1 Nuber,R-Boechler FRG-ch H corr 1984}) 14. gxf3 O-O-O 15. f4 g6 16. f5 gxf5 17. Be2 Nf6 18. Qxf5+ Nbd7 19. Bd3 Ne8 20. Qf4 Nd6 21. Kb1 Qf6 22. Qh2 Rhg8 23. Rc1 Nb6 24. b3 Rg7 25. Ne2 Ne4 26. Nf4 Qe7 27. f3 Nd6 28. Rhe1 Kb8 29. a4 Na8 30. e4 dxe4 31. Bxe4 Qc7 32. d5 c5 33. Nh5 Rgg8 34. Nf6 Rg7 35. Bd3 Nb6 36. a5 Nbc8 37. b4 Ne8 38. Qxc7+ Nxc7 39. Rxc5 Rg3 40. Bf5 b6 41. Rxc7 Kxc7 42. Rc1+ Kb8 43. Bxc8 Rxc8 44. Nd7+ Kb7 45. a6+ Kxa6 46. Rxc8 Rxf3 47. Ne5 1-0

[Event "Sigeman & Co 13th"]
[Site "Malmo/Copenhagen"]
[Date "2005.04.18"]
[Round "4"]
[White "Sasikiran, Krishnan"]
[Black "Hansen, Curt"]
[Result "1-0"]
[WhiteElo "2642"]
[BlackElo "2633"]
[Annotator "Marin,Mihail"]
[PlyCount "97"]
[EventDate "2005.04.15"]
[EventType "tourn"]
[EventRounds "9"]
[EventCountry "SWE"]
[EventCategory "13"]
[SourceTitle "CBM 107"]
[Source "ChessBase"]
[SourceDate "2005.08.01"]
[SourceVersion "1"]
[SourceVersionDate "2005.08.01"]
[SourceQuality "1"]

1. d4 Nf6 2. c4 e6 3. Nc3 d5 4. cxd5 exd5 5. Bg5 c6 6. Qc2 Be7 7. e3 Nbd7 8. Bd3 O-O 9. Nge2 Re8 10. O-O Nf8 11. f3 {In this variation White's main plan is to prepare and carry out the advance of the e-pawn, in order to get a spatial advantage in the centre and attacking chances on the king side. Black's counterplay is connected with exerting pressure against the enemy centre as well as against the squares left behind by the enemy pawns; specifically, he hopes to get to carry out a well timed break with ...c5. A typical scenarion is e4 dxe4, fxe4 g4, xe7 xe7, d2 c5. However, playing ...c5 too early is not a good idea, since at some moment Black would have to release the tension with either ...cxd4 or ...c4, in both cases with better chances for White. The preparatory phase of these typical moves (e4 and ...c5) is critical for the final outcome of the opening.} Ng6 {Cutting away the bishop's retreats.} ({Many players prefer to oppose a rook to the enemy queen as soon as possible with} 11... Be6 12. Rad1 Rc8 {½-½ Breutigam,M (2403)-Rabiega,R (2539)/Altenkirchen 2005/CBM 106/[Marin] (49) as, for instance, in a recent game:}) 12. Rad1 Be6 13. h3 $5 {A rare move. White takes the g4-square under control, in order to play e4 with all the comfort. However, this early weakening of the king side can help Black to orientate his play in the next phase of the game.} (13. Kh1 Rc8 14. e4 dxe4 15. fxe4 Ng4 16. Bc1 c5 $132 {½-½ Sadler,M (2626)-Asrian,K (2575)/Las Vegas 1999/CBM 072/[Baburin] (50)}) (13. Ng3 Rc8 $13 {1-0 Bareev,E (2685)-Jussupow,A (2655)/Munich 1994/CBM 042/[Ftacnik] (52)}) ({RR} 13. Kh1 Qc7 14. Bxf6 Bxf6 15. e4 dxe4 16. fxe4 Rad8 17. e5 Be7 18. h3 Kh8 19. Be4 Nf8 20. Nf4 Qb6 21. Nxe6 Nxe6 22. d5 Ng5 23. d6 Bf8 24. h4 Rxe5 25. hxg5 Rxd6 26. Rxd6 Bxd6 27. Rxf7 Rxg5 {Aleksandrov,A (2679)-Kharitonov,A (2561) Moscow 2004 ½-½ (60)}) ({RR} 13. Ng3 Rc8 14. Rfe1 Bf8 15. f4 Bg4 16. Rc1 Bd6 17. f5 Bxg3 18. hxg3 Nf8 19. Qf2 h5 20. Rf1 N8h7 21. Bf4 Ne4 22. Nxe4 dxe4 23. Bc4 Bxf5 24. Bc7 Rxc7 25. Qxf5 Nf6 26. Qg5 Nd5 27. Qxh5 Re6 {Sasikiran,K (2653)-Belozerov,A (2488) Moscow 2010 1-0 (44)}) 13... Rc8 {This standard move might be too slow here. Black should probably exchange the dark squared bishops and transfer the queen to h4 as soon as possible, in order to take advantage of the dark side of the move h3.} ({True,} 13... Nh5 14. Bxe7 Qxe7 {doesn't achieve this aim because of} 15. g4 $1 Nf6 16. Ng3 Rad8 17. Qf2 Bc8 18. Rfe1 Qd6 19. f4 $14 {½-½ Voyna,A (2614)-Johansson,I (2493)/ICCF Email 2001/Corr 2004 (39)}) ({However,} 13... Nd7 {might be the best reaction, for instance} 14. Bxe7 Qxe7 15. e4 Qh4 16. e5 {(White doesn't gain anything by delaying this move, since Black still has moves to strengthen the position at his disposal, such as ...ac8.)} Ne7 17. f4 g6 18. Kh2 Bf5 $132 {The white mass of pawns is under control. White's pieces are not optimally placed to put them into motion. Black might play ...f8, followed by ...xd3 and ...f5, or ...ac8 and ...c5 (eventually after ...b6).}) ({RR} 13... b5 14. e4 dxe4 15. fxe4 Qb6 16. Kh1 Nf8 17. Rf3 a6 18. Rdf1 Bd7 19. Bxf6 Bxf6 20. e5 Be7 21. Rxf7 Be6 22. R7f3 Red8 23. Qd2 Kh8 24. Qe3 Rac8 25. Qe4 g6 26. Qe3 Kg7 27. Nf4 Bg8 28. Nce2 {Ang,A (2361)-Thurner,A (1830) Wellington NZL 2025 1-0 (33)}) 14. a3 $146 {I do not see the necessity of playing this move at such an early stage of the game.} (14. e4 $5 {looks stronger:} Nh5 (14... c5 {1-0 Lisko,F (2325)-Israel,J (2213)/Bad Wiessee 2001/EXT 2003 (22)} 15. e5 $1 Nd7 16. Bxe7 Qxe7 17. f4 c4 18. Bf5 $14 {Black can do little to stop the further advance of the f-pawn.}) (14... dxe4 15. fxe4 c5 {doesn't seem to work because of} 16. Bb5 $1 (16. d5 c4 $1 $13) (16. e5 Nd5 $11) 16... Bd7 (16... Rf8 17. d5 $18) 17. Bxf6 Bxf6 18. dxc5 Ne5 19. b4 $16 {The control over the dark squares doesn't seem to offer Black enough compensation for the missing pawn. White has considerable advantage of space and an excellent outpost for his knight on d5.}) 15. Be3 $1 (15. Bxe7 Qxe7 16. e5 Qh4 $132 17. Kh2 Nhf4 18. Nxf4 Nxf4 {[%csl Yg2,Yh3] ×h3, g2}) (15. Bc1 $5) 15... dxe4 (15... Bg5 {leaves Black with problems after} 16. f4 dxe4 17. Nxe4 Bh6 18. g4 $1) 16. fxe4 Bg5 17. Qc1 Bxe3+ 18. Qxe3 $14) 14... b6 $146 {This move is not only too slow, but it also weakens the light squares.} ({Once again, Black could have continued with} 14... Nd7 $1 15. Bxe7 Qxe7 16. e4 Qh4 $132 {when the inclusion of the moves ...c8 and a3 certainly favours him.}) ({RR} 14... Qc7 15. Nf4 Nxf4 16. Bxf4 Qd8 17. Be5 h6 18. Ne2 Nd7 19. Bf4 Nf8 20. Qd2 Bd6 21. Bb1 Bxf4 22. Nxf4 Qg5 23. g4 b6 24. Qh2 Qh4 25. Qf2 Qxf2+ 26. Kxf2 Bd7 27. Rd2 Ne6 28. Bf5 Re7 29. Bxe6 {Gordon,S (2537)-Izsak,G (2444) Porto San Giorgio 2009 ½-½ (84)}) ({RR} 14... Qc7 15. f4 Bd7 16. f5 Nf8 17. Bxf6 Bxf6 18. e4 dxe4 19. Nxe4 c5 20. dxc5 Be5 21. Bc4 Bc6 22. Ng5 Re7 23. b4 Be8 24. Nc3 Bxc3 25. Qxc3 Nd7 26. Rfe1 Ne5 27. Ne6 {1-0 (27) Gutov,A (2444)-Puraev,A (2127) Novokuznetsk 2010}) 15. e4 $1 dxe4 16. fxe4 Qc7 17. e5 Nd5 18. Bxe7 Qxe7 19. Nxd5 cxd5 ({In case of} 19... Bxd5 20. Nc3 {Black would have had problems maintaining the blockade on d5, because the knight would not dispose over the e7-square.}) 20. Qd2 {[%csl Rf7][%cal Yf1f3,Yd1f1,Yd2e3] The start of a natural and strong regrouping.} Rf8 21. Qe3 Qh4 22. Rf3 Rce8 23. Rdf1 $16 {[%cal Ye2g3,Yg3f5] White has strong pressure, while Black has no counterplay at all. The attempt to free his position will only lead to an even more unpleasant endgame.} f6 24. exf6 Rxf6 25. Rxf6 gxf6 26. Qg3 Qg5 27. Kh2 Qxg3+ 28. Nxg3 Rf8 29. Nh5 f5 30. Kg3 Ne7 31. Rc1 Rc8 32. Rxc8+ Bxc8 33. Kf4 Kf7 34. Ke5 Nc6+ 35. Kxd5 Bb7 36. Nf4 Kf6 37. Kc4 Kg5 38. g3 h5 39. d5 Na5+ 40. Kd4 h4 41. Ne2 hxg3 42. Nxg3 Kf4 43. Ne2+ Kf3 44. Nc1 Bc8 45. b4 Nb7 46. Ke5 f4 47. Ne2 Bxh3 48. Nxf4 Bd7 49. Ne6 1-0